000 00390pab a2200157 454500
008 180718b2014 xxu||||| |||| 00| 0 eng d
100 _aChindhade, Shirish
245 _aUnderstanding institutional social responsibility
260 _c2014
300 _ap.29-33.
362 _a20 Jan
650 _aSocial responsibility
773 _aUniversity News
908 _aN
909 _a102919
999 _c102917
_d102917